000 00293nam a2200121Ia 4500
008 190216s9999||||xx |||||||||||||| ||und||
100 _aBeeran U A
245 0 _aMoulana Mohammedaliyude Atmakadha
260 _bArafa Publications
_c1988
300 _a185p
650 _aAthmakadha
942 _cBK
999 _c23976
_d23976